|
|
|
|
| LEADER |
00661nta a2200205 i 4500 |
| 001 |
dipl98264 |
| 005 |
20220117131255.0 |
| 008 |
220117s1978 hu om 0|| hun d |
| 040 |
|
|
|a SZTE Diploma Repozitórium
|b hun
|
| 041 |
|
|
|a hun
|
| 100 |
1 |
|
|a Hegyi Antal
|
| 245 |
1 |
2 |
|a A galambhús-termelés fokozásának lehetőségei...
|h [elektronikus dokumentum] /
|c Antal Hegyi
|
| 260 |
|
|
|c 1978
|
| 300 |
|
|
|a 46
|
| 650 |
|
4 |
|a Agrár
|
| 650 |
|
4 |
|a Agricultural sciences
|
| 650 |
|
4 |
|a Animal and Dairy science
|
| 695 |
|
|
|a Galambtenyésztés
|
| 700 |
1 |
|
|a Tóbiás Péter
|e ths
|
| 856 |
4 |
0 |
|u http://diploma.bibl.u-szeged.hu/id/eprint/98264/1/1978_hegyi_antal.pdf
|z Dokumentum-elérés
|